000 00407nam a22001457a 4500
005 20120223144439.0
020 _a8176481637
_c00.00
035 _aA-991558
037 _aDPL
_bENG
100 _aKawatra, P. S.
_942869
245 _aTextbook of information science /
_cby P. S. Kawatra
260 _aNew Delhi
_bA.P.H. Publishing Corporation
_c2000
300 _a323p.
_c18 cms.
942 _2ddc
_cEN
_h020
_mKAW
999 _c63366
_d63366